Statistics for 2018 FIFA World Cup Goalscorers

Click here to take the quiz!

General Stats

  • This quiz has been taken 132 times
  • The average score is 69 of 110

Answer Stats

Answer% Correct
Lionel Messi
100%
Sergio Agüero
98%
Harry Kane
97%
Neymar
97%
Romelu Lukaku
95%
Luka Modrić
94%
Mohamed Salah
94%
Antoine Griezmann
93%
Cristiano Ronaldo
93%
Edinson Cavani
93%
Ángel Di María
92%
Eden Hazard
92%
Kylian Mbappé
92%
Kevin De Bruyne
91%
Luis Suárez
91%
Paul Pogba
91%
Son Heung-min
91%
Toni Kroos
91%
Sadio Mané
89%
Roberto Firmino
87%
Marco Reus
86%
Mario Mandžukić
85%
Philippe Coutinho
84%
Benjamin Pavard
83%
Marcos Rojo
83%
Christian Eriksen
82%
Granit Xhaka
82%
Ivan Perišić
82%
Ivan Rakitić
82%
Xherdan Shaqiri
80%
Dries Mertens
78%
Harry Maguire
77%
Juan Cuadrado
77%
Raphaël Varane
77%
Samuel Umtiti
77%
Jan Vertonghen
76%
Dele Alli
75%
Thiago Silva
75%
Diego Costa
74%
Hirving Lozano
72%
Javier Hernández
72%
Jesse Lingard
72%
Gylfi Sigurðsson
71%
Thomas Meunier
71%
Ahmed Musa
70%
Aleksandar Mitrović
70%
Ante Rebić
70%
Denis Cheryshev
70%
Radamel Falcao
70%
Yerry Mina
70%
Iago Aspas
69%
José María Giménez
69%
Yussuf Poulsen
69%
Kieran Trippier
68%
Nacho
67%
Pepe
67%
Ricardo Quaresma
67%
Adnan Januzaj
66%
Emil Forsberg
66%
Marouane Fellaini
66%
Nacer Chadli
66%
Artem Dzyuba
64%
John Stones
64%
Andrej Kramarić
63%
Shinji Kagawa
63%
Domagoj Vida
62%
Mile Jedinak
62%
Paulinho
61%
Isco
59%
Aleksandr Golovin
56%
Jan Bednarek
56%
Michy Batshuayi
56%
Victor Moses
56%
Keisuke Honda
55%
Wahbi Khazri
55%
Renato Augusto
54%
Mário Fernandes
53%
Takashi Inui
52%
Aleksandar Kolarov
51%
Andreas Granqvist
49%
Juan Fernando Quintero
49%
Gabriel Mercado
47%
Alfreð Finnbogason
43%
Youssef En-Nesyri
41%
Ola Toivonen
40%
Carlos Vela
38%
Kim Young-gwon
38%
Paolo Guerrero
38%
Grzegorz Krychowiak
37%
Steven Zuber
36%
Genki Haraguchi
33%
M'Baye Niang
33%
André Carrillo
32%
Mathias Jørgensen
32%
Milan Badelj
32%
Salem Al-Dawsari
30%
Moussa Wagué
28%
Felipe Baloy
26%
Ludwig Augustinsson
26%
Blerim Džemaili
25%
Yuya Osako
25%
Khalid Boutaïb
24%
Josip Drmić
21%
Kendall Waston
21%
Yury Gazinsky
21%
Dylan Bronn
20%
Karim Ansarifard
18%
Ferjani Sassi
17%
Fakhereedine Ben Youssef
16%
Salman Al-Faraj
15%

Score Distribution

Percentile by Number Answered

Percent of People with Each Score

Your Score History

You have not taken this quiz